000 00668nam a2200253 i 4500
001 bg
100 1 _aSobczak-Matysiak, Janina.
245 1 0 _aPsychologia kontaktu z klientem /
_cJanina Sobczak-Matysiak.
260 _aPoznań :
_bWydawnictwo Wyższej Szkoły Bankowej,
_c1998.
300 _a88, [1] s. ;
_c24 cm.
504 _aBibliogr.
650 4 _aObsługa klienta
_xpsychologia
650 4 _aPodręczniki akademickie
020 _a8372050244
040 _cBPK
041 0 _apol
080 _a316.6
080 _a366
080 _a658.8
080 _a(075.8)
920 _a83-7205-024-4
942 _cKS
008 s pl f |000 0 pol
999 _c53425
_d53425
856 _uhttp://koha.tu.koszalin.pl/cgi-bin/koha/opac-detail.pl?biblionumber=53425
_yKatalog online BPK